<?xml version="1.0" encoding="UTF-8"?>
<marc:record xmlns:marc="http://www.loc.gov/MARC21/slim">
   <marc:leader>00000nam a2200000 a 4500</marc:leader>
   <marc:datafield ind1="1" ind2=" " tag="100">
      <marc:subfield code="a">Darst.: Patel, Dev; Irons, Jeremy; Fry, Stephan</marc:subfield>
   </marc:datafield>
   <marc:datafield ind1="0" ind2="0" tag="245">
      <marc:subfield code="a">Die Poesie des Unendlichen</marc:subfield>
   </marc:datafield>
   <marc:datafield ind1=" " ind2="1" tag="264">
      <marc:subfield code="b">Sony Pictures</marc:subfield>
      <marc:subfield code="c">2015</marc:subfield>
   </marc:datafield>
   <marc:datafield ind1="1" ind2=" " tag="520">
      <marc:subfield code="a">Die Poesie des Unendlichen (Originaltitel: The Man Who Knew Infinity) ist eine britische Filmbiografie aus dem Jahr 2015. Regie führte Matthew Brown, der auch das Drehbuch verfasste. Das Filmdrama ist eine Verfilmung der Biografie des indischen Mathematikers Srinivasa Ramanujan. (verlagstext)</marc:subfield>
   </marc:datafield>
   <marc:datafield ind1=" " ind2=" " tag="020">
      <marc:subfield code="a">8985333059</marc:subfield>
      <marc:subfield code="9">8985333059</marc:subfield>
   </marc:datafield>
   <marc:datafield ind1="0" ind2=" " tag="490">
      <marc:subfield code="v">0</marc:subfield>
   </marc:datafield>
   <marc:datafield ind1=" " ind2=" " tag="300">
      <marc:subfield code="a">1 DVD (PAL, Ländercode 2; ca. 106 Minuten) farbig mit Ton</marc:subfield>
   </marc:datafield>
</marc:record>
